Movies Quiz

Random Movies or Hockey Quiz
Score 0/16 Timer 05:00
0 Plays Today
% Correct
The Mighty Ducks
90.4%
Slap Shot
89.2%
The Tooth Fairy
82.6%
Miracle
78.4%
Mystery Alaska
71.3%
Youngblood
70.7%
Goon
62.9%
Sudden Death
61.1%
% Correct
Slap Shot 2
55.1%
The Last Gladiators
44.3%
Miracle on Ice
35.3%
Hockey Mom
29.3%
Hockey Night
24.6%
Touch and Go
21%
Faceoff
18.6%
Sticks and Stones
17.4%
Remove Ads.
Support Sporcle.
Get the best of Sporcle when you Go Orange. This ad-free experience offers more features, more stats, and more fun while also helping to support Sporcle. Thank you for becoming a member.

You're not logged in!

Compare scores with friends on all Sporcle quizzes.
OR
Log In

Show Comments

Extras

Top Quizzes Today


Score Distribution

Your Account Isn't Verified!

In order to create a playlist on Sporcle, you need to verify the email address you used during registration. Go to your Sporcle Settings to finish the process.

Report this User

Report this user for behavior that violates our Community Guidelines.

Details: